| 000 | 01744nam a2200409 a 4500 | ||
|---|---|---|---|
| 999 |
_c103385 _d103385 |
||
| 003 | BLK | ||
| 005 | 20241216135026.0 | ||
| 008 | 180409b bul|||||r ||||||| ||bul|| | ||
| 010 | _aKNG00108459000 | ||
| 020 | _a954-01-1267-2 | ||
| 040 | _aBLK | ||
| 041 |
_aBUL _cBUL |
||
| 080 |
_aИзобразително изкуство в основното училище _b372.875 _x(075.2) _z372.875(075.2) |
||
| 100 | 1 |
_aДимитров, Димитър Георгиев _eпърви автор _9364131 |
|
| 139 |
_aДимитров, Димитър Георгиев и др. _bД 58 |
||
| 245 | 1 | 0 |
_aИзобразително изкуство за І клас _cДимитър Георгиев Димитров; съавт. Петер Кънчев Цанев; съавт. Ралица Пантева Карапантева. |
| 257 | _aBGR | ||
| 260 |
_bПросвета _c2002 _fРусе : Дунав прес _aСофия |
||
| 300 |
_a80 с. _bс цв. ил. _c28 см |
||
| 380 | _a3 | ||
| 500 | _aОдобрен със заповед № РД 09-420/11.06.2002 на МОН. | ||
| 650 | 4 |
_aРисуване _9169520 |
|
| 653 | _aрисуване | ||
| 653 | _aизобразително изкуство | ||
| 653 | _aІ кл. | ||
| 653 | _aучебници за основни училища | ||
| 700 | 1 |
_aЦанев, Петер Кънчев _9138980 |
|
| 700 | 1 |
_aКарапантева, Ралица Пантева _eсъавт. _976837 |
|
| 852 |
_aЦб ІІ 12168 _bЦб |
||
| 856 | 4 | _qpdf | |
| 856 | 4 | _qpdf | |
| 942 |
_cKNG _n0 _s1 _01 |
||
| 944 |
_aCR _c22.10.2003 _lГеновева Генчева _k30560 |
||
| 944 |
_aED _c17.05.2017 _lф / _kВиолета_Тройчева |
||
| 999 | _d103385 | ||
| 999 | _d103385 | ||